The modernity of tradition : political development in India (Record no. 85550)

MARC details
000 -LEADER
fixed length control field 00415pam a2200157 a 4500
020 ## - INTERNATIONAL STANDARD BOOK NUMBER
Terms of availability
040 ## - CATALOGING SOURCE
Original cataloging agency NBGL_734430
041 ## - LANGUAGE CODE
Language code of original
082 ## - DEWEY DECIMAL CLASSIFICATION NUMBER
Classification number 301
Item number RUD
100 ## - MAIN ENTRY--PERSONAL NAME
Personal name Rudolph, Lloyd I
245 ## - TITLE STATEMENT
Title The modernity of tradition : political development in India
Statement of responsibility, etc. by Lloyd I Rudolph
Medium Textual Documents
260 ## - PUBLICATION, DISTRIBUTION, ETC.
Place of publication, distribution, etc. Hyderabad
Name of publisher, distributor, etc. Orient Longmans
Date of publication, distribution, etc. 1999
300 ## - PHYSICAL DESCRIPTION
Extent 206p
653 ## - INDEX TERM--UNCONTROLLED
Uncontrolled term Political Science
930 ## - EQUIVALENCE OR CROSS-REFERENCE-UNIFORM TITLE HEADING [LOCAL, CANADA]
Uniform title 8643
Holdings
Withdrawn status Lost status Damaged status Not for loan Collection Home library Current library Date acquired Source of acquisition Cost, normal purchase price Total Checkouts Full call number Barcode Date last seen Copy number Price effective from Koha item type
          Yashwantrao Mohite College of Arts, Science And Commerce, Pune Yashwantrao Mohite College of Arts, Science And Commerce, Pune 03/06/2021 Bharati Sahakari Madhyavarti Grahak Bhandar 195.00   301 RUD YMP-38802 24/02/2023 1 24/02/2023 Book